農産物生産上位5か国 - 野菜類 - Statistics

General Stats
  • This quiz has been taken 35 times
  • The average score is 7 of 13
Answer Stats
% Correct
アメリカ合衆国
100%
中華人民共和国
97%
インド
94%
ロシア
84%
日本
84%
トルコ
65%
大韓民国
65%
ウクライナ
61%
エジプト
42%
ウズベキスタン
19%
マリ
16%
アンゴラ
10%
ギニア
0%
No matching quizzes found
Score Distribution
Percent of People with Each Score
Percentile by Number Answered
Your Score History
You have not taken this quiz